| 000 | 00527nam a22001697a 4500 | ||
|---|---|---|---|
| 003 | 1 | ||
| 005 | 20220425115403.0 | ||
| 008 | 220425b xxu||||| |||| 00| 0 eng d | ||
| 020 | _a978-621-04-0103-5 | ||
| 050 |
_aHD57.5 _b.S334 2019 |
||
| 100 | _aPawilen, Greg T. | ||
| 245 |
_aSchool and the community, school culture and organizational leadership (The)/ _cGreg T. Pawilen, et al. |
||
| 260 |
_aManila: _bRex Book Store. _cc2019 |
||
| 300 |
_a97 pp. _c25 cm. _eIncludes index. |
||
| 500 | _aSchool-community | ||
| 942 |
_2lcc _cBK |
||
| 999 |
_c364720 _d364720 |
||